000 00717nam a2200253Ia 4500
003 OSt
005 20250801154942.0
008 191128s9999 xx 000 0 und d
020 _a140814965
040 _aCO-JMCR
_cCO-JMCR
041 _aspa
082 _aJ-C
_bSIMs
245 0 _aSimply suspense /
260 _aLondres
260 _bPenguin Books
260 _c1991
300 _a47 páginas
300 _b ilustraciones en blanco y negro
300 _c 20 cm
490 _aPenguin readers ; 2
505 _aThe lady or the tiger / Frank Stockton -- Miss Bracegirdle's night of fear / Stacey Aumonier -- The waxwork / Alfred Burrage
650 _aSuspenso en la literatura
_9613
942 _2ddc
_cBK
999 _c4392
_d4392